Daňová reforma 2004 - plusy a mínusy
Prínos revolučnej daňovej reformy v SR - stabilita a zjednodušenie daňového systému, zníženie dane z príjmov, prilákanie investorov. Cieľ moderného daňového systému na Slovensku - zavedenie väčšej spravodlivosti. Plusy a mínusy.
Na minha lista:
| Autor principal: | |
|---|---|
| Formato: | Capítulo de Livro |
| Idioma: | eslovaco |
| Assuntos: | |
| Tags: |
Sem tags, seja o primeiro a adicionar uma tag!
|
MARC
| LEADER | 00000naa$a2200000$$$4500 | ||
|---|---|---|---|
| 001 | 0025570 | ||
| 005 | 20231006120403.6 | ||
| 041 | 0 | |a slo | |
| 044 | |a SK | ||
| 245 | 1 | 0 | |a Daňová reforma 2004 - plusy a mínusy |c Emil Burák |
| 520 | |a Prínos revolučnej daňovej reformy v SR - stabilita a zjednodušenie daňového systému, zníženie dane z príjmov, prilákanie investorov. Cieľ moderného daňového systému na Slovensku - zavedenie väčšej spravodlivosti. Plusy a mínusy. | ||
| 610 | 2 | 0 | |a reformy daňové |
| 610 | 2 | 0 | |a Slovensko |
| 610 | 2 | 0 | |a 2004 |
| 100 | 1 | |a Burák, Emil | |